[Event "COL-ch disabled 2nd"]
[Site "Cali"]
[Date "2008.10.26"]
[Round "4.4"]
[White "Arias, Robinson"]
[Black "Valderrama, Edgar"]
[Result "0-1"]
[WhiteElo "1631"]
[BlackElo "1600"]
[PlyCount "43"]
[EventDate "2008.10.25"]
[EventType "swiss"]
[EventRounds "7"]
[EventCountry "COL"]
[SourceTitle "EXT 2024"]
[Source "ChessBase"]
[SourceDate "2023.10.10"]
[SourceVersion "1"]
[SourceVersionDate "2023.10.10"]
[SourceQuality "1"]

1. e4 e6 2. d4 d5 3. Nc3 Nf6 4. Bg5 dxe4 5. Nxe4 Be7 6. Nxf6+ Bxf6 7. Bxf6 Qxf6 8. Nf3 0-0 9. Bd3 Nd7 10. c3 c5 11. Qc2 Qh6 12. 0-0 cxd4 13. Nxd4 Nf6 14. Rad1 a6 15. a4 Bd7 16. Nf3 Qf4 17. Qd2 Qxd2 18. Rxd2 Bxa4 19. Rfd1 Bxd1 20. Rxd1 Rfd8 21. Ne5 Rd5 22. Kf1 0-1